000 00367 a2200169 4500
001 184259
020 _a978-85-16-09576-5
040 _cMagnum
100 _aBandeira, Pedro
240 1 0 _aA droga da obediência
_lpor
245 1 0 _aA droga da obediência
300 _a190
362 0 _a2014
440 1 _aModerna
697 _aLITERATURA JUVENIL
942 _cBK
999 _c184259
_d184259